Manorama Yearbook 2024/ (Record no. 201809)

MARC details
000 -LEADER
fixed length control field 00866nam a22002417a 4500
003 - CONTROL NUMBER IDENTIFIER
control field dpl
005 - DATE AND TIME OF LATEST TRANSACTION
control field 20260418140357.0
008 - FIXED-LENGTH DATA ELEMENTS--GENERAL INFORMATION
fixed length control field 240327b |||||||| |||| 00| 0 eng d
010 ## - LIBRARY OF CONGRESS CONTROL NUMBER
LC control number B-758540
020 ## - INTERNATIONAL STANDARD BOOK NUMBER
International Standard Book Number 9789359596815
Terms of availability 350.00
024 ## - OTHER STANDARD IDENTIFIER
Terms of availability 350.00
037 ## - SOURCE OF ACQUISITION
Stock number dpl
040 ## - CATALOGING SOURCE
Transcribing agency Malyala Manorama Press
Original cataloging agency Malyala Manorama Press
050 ## - LIBRARY OF CONGRESS CALL NUMBER
Classification number 050 MAN
082 ## - DEWEY DECIMAL CLASSIFICATION NUMBER
Classification number 050 MAN
245 ## - TITLE STATEMENT
Title Manorama Yearbook 2024/
Statement of responsibility, etc Edited by Mathew, Mammen
260 ## - PUBLICATION, DISTRIBUTION, ETC. (IMPRINT)
Place of publication, distribution, etc Kottayam
Name of publisher, distributor, etc Malyala Manorama Press
Date of publication, distribution, etc 2024
270 ## - ADDRESS
Address Malyala Manorama Press
City Kottayam
Postal code 686001
Telephone number 2563646
Fax number 91-4812562479
Electronic mail address yeabook@mm.co.in
300 ## - PHYSICAL DESCRIPTION
Extent 1006p.
Dimensions 22 cm (pbk)
700 ## - ADDED ENTRY--PERSONAL NAME
Personal name Philip Mathew
9 (RLIN) 63989
942 ## - ADDED ENTRY ELEMENTS (KOHA)
Source of classification or shelving scheme Dewey Decimal Classification
Koha item type Reference Books
Classification part 050
Call number prefix MAN
Holdings
Withdrawn status Lost status Source of classification or shelving scheme Damaged status Use restrictions Not for loan Collection code Home library Current library Shelving location Date acquired Source of acquisition Cost, normal purchase price Total Checkouts Full call number Barcode Date last seen Uniform Resource Identifier Cost, replacement price Price effective from Koha item type
    Dewey Decimal Classification   Restricted Access Not For Loan Reference Central Library Central Library Reference 14/03/2024 Purchase 350.00   050 MAN B-758540 27/03/2024 B-758540 350.00 27/03/2024 Reference Books

© Delhi Public Library
Hit Counter
free hit counter